Trompete79 - Sudden Death - Statistics

General Stats
  • This quiz has been taken 43 times
    16 since last reset
  • The average score is 4 of 8
Answers on the Grid
Answers color-coded by a green-red scale on the quiz's grid according to % correct below.
He knew all the countries of the world before discovering JetPunk
His username used to be Trumpet79
He lives near Cologne, Germany
He is younger than 16
The 79 doesn't actually stand for anything
He has a featured quiz
He never left Europe
His most-taken quiz is about trains
He has written blogs
He has quizzes in English, German, Polish, Spanish and Dutch on his account
He once got a 10/10 on the Daily Trivia Challenge
He plays other instruments, not just the trumpet
 
Answer Stats
Answer % Correct
He is younger than 16
80%
He has written blogs
60%
He never left Europe
60%
His username used to be Trumpet79
60%
He has a featured quiz
40%
He plays other instruments, not just the trumpet
40%
His most-taken quiz is about trains
40%
The 79 doesn't actually stand for anything
20%
No matching quizzes found
Score Distribution
Percent of People with Each Score
Percentile by Number Answered
Your Score History
You have not taken this quiz since the last reset